<?xml version="1.0" encoding="UTF-8"?>
<collection xmlns="http://www.loc.gov/MARC21/slim">
  <record>
    <leader>00000nam  2200000   4500</leader>
    <controlfield tag="001">INLIS000000000020369</controlfield>
    <controlfield tag="005">20250616023214</controlfield>
    <datafield tag="035" ind1="#" ind2="#">
      <subfield code="a">0010-0625000111</subfield>
    </datafield>
    <controlfield tag="007">ta</controlfield>
    <controlfield tag="008">250616################g##########0#ind##</controlfield>
    <datafield tag="020" ind1="#" ind2="#">
      <subfield code="a">978 979 709 810 0</subfield>
    </datafield>
    <datafield tag="082" ind1="#" ind2="#">
      <subfield code="a">384.553 2</subfield>
    </datafield>
    <datafield tag="084" ind1="#" ind2="#">
      <subfield code="a">384.553 2 ISH m</subfield>
    </datafield>
    <datafield tag="100" ind1=" " ind2="#">
      <subfield code="a">Ishadi SK</subfield>
    </datafield>
    <datafield tag="245" ind1="1" ind2="#">
      <subfield code="a">Media dan Kekuasaan :</subfield>
      <subfield code="b">Televisi di Hari-Hari Terakhir Presiden Soeharto /</subfield>
      <subfield code="c">Ishadi SK</subfield>
    </datafield>
    <datafield tag="250" ind1="#" ind2="#">
      <subfield code="a">Cetakan ke 1</subfield>
    </datafield>
    <datafield tag="260" ind1="#" ind2="#">
      <subfield code="a">Jakarta :</subfield>
      <subfield code="b">Kompas,</subfield>
      <subfield code="c">2014</subfield>
    </datafield>
    <datafield tag="300" ind1="#" ind2="#">
      <subfield code="a">xxvi, 286 halaman :</subfield>
      <subfield code="b">ilus ;</subfield>
      <subfield code="c">23 cm</subfield>
    </datafield>
    <datafield tag="500" ind1="#" ind2="#">
      <subfield code="a">BAGAIMANA dinamika dan pergolakan yang terjadi di newsroom stasiun-stasiun televisi milik “Keluarga Cendana” dalam pemberitaan aksi-aksi demonstrasi mahasiswa yang sudah berlangsung tiga bulan, yang berakhir dengan lengser-nya Presiden Soeharto, Mei 1998? Jajaran redaksi Indosiar, RCTI, dan SCTV yang awalnya masih mencoba membela Soeharto lewat kebijakan pemberitaannya, akhirnya memberontak. Mereka pun ikut menyiarkan aksi­aksi demonstrasi yang menyerang Sang Presiden.&#13;
&#13;
Ishadi SK mendeskripsikan dan menganalisis dengan cermat berbagai ketegangan yang terjadi di antara newsroom dan wakil pemilik di tiga stasiun itu, sampai akhirnya para wakil pemilik tidak mampu lagi mengendalikan isi pemberitaan. Artinya, Presiden Soeharto justru dijatuhkan oleh televisi-televisi yang berada di bawah kendalinya sendiri. Sebab, menurut Ishadi, tanpa ketiga televisi swasta itu reformasi mungkin tidak akan terjadi.</subfield>
    </datafield>
    <datafield tag="990" ind1="#" ind2="#">
      <subfield code="a">141217257</subfield>
    </datafield>
  </record>
</collection>
